Percepcia obmedzení a dilem sociálnych pracovníkov z Centier pre deti a rodiny
Aké obmedzenia a dilemy vnímajú sociálni pracovníci pri výkone opatrení SPODaSK v ambulantnej a terénnej forme v centrách pre deti a rodiny. Problémy, s ktorými sa stretávajú sociálni pracovníci pracujúci s rodinami. Výsledky výskumu a navrhované odporúčania pre prax môžu prispieť k zlepšeniu postav...
Enregistré dans:
| Auteur principal: | |
|---|---|
| Format: | Chapitre de livre |
| Langue: | slovaque |
| Sujets: | |
| Tags: |
Pas de tags, Soyez le premier à ajouter un tag!
|
MARC
| LEADER | 00000naa a2200000 4500 | ||
|---|---|---|---|
| 001 | 0304766 | ||
| 005 | 20241024083413.1 | ||
| 041 | 0 | |a slo | |
| 044 | |a CZ | ||
| 245 | 1 | 0 | |a Percepcia obmedzení a dilem sociálnych pracovníkov z Centier pre deti a rodiny |c Lucia Fričová |
| 520 | |a Aké obmedzenia a dilemy vnímajú sociálni pracovníci pri výkone opatrení SPODaSK v ambulantnej a terénnej forme v centrách pre deti a rodiny. Problémy, s ktorými sa stretávajú sociálni pracovníci pracujúci s rodinami. Výsledky výskumu a navrhované odporúčania pre prax môžu prispieť k zlepšeniu postavenia sociálneho pracovníka v podmienkach Slovenskej republiky a zároveň prispieť k zvýšeniu kvality pomoci poskytovanej rodinám v centrách pre deti a rodiny. | ||
| 610 | 2 | 0 | |a pracovníci sociálni |
| 610 | 2 | 0 | |a práca sociálna |
| 610 | 2 | 0 | |a centrá komunitné |
| 610 | 2 | 0 | |a rodina |
| 610 | 2 | 0 | |a ochrana právna |
| 610 | 2 | 0 | |a ochrana sociálna |
| 610 | 2 | 0 | |a politika rodinná |
| 100 | 1 | |a Fričová, Lucia | |